书目信息 |
| 题名: |
荀子
|
|
| 作者: | 荀况 撰 ;诺布洛克 , Knoblock , 张觉 译 | |
| 分册: | Ⅰ | |
| 出版信息: | 长沙 湖南人民出版社 1999 |
|
| 页数: | 499页 | |
| 开本: | 23cm | |
| 丛书名: | 大中华文库 | |
| 单 册: | ||
| 中图分类: | H319.4:B | |
| 科图分类: | ||
| 主题词: | 儒家--对照读物--中、英 | |
| 电子资源: | ||
| ISBN: | 7-5438-2086-2 | |
| 000 | 00938nam0 2200265 450 | |
| 005 | 20061228103514.51 | |
| 010 | @a7-5438-2086-2@b精装@dCNY123(全2册) | |
| 100 | @a20060829d1999 emky0chiy0121 ea | |
| 101 | 2 | @achi@aeng |
| 102 | @aCN@b430000 | |
| 105 | @af z 000yd | |
| 200 | 1 | @a荀子@AXun Zi@hⅠ@f(美)约翰·诺布洛克(John Knoblock)英译@F( Mei ) Yue Han· Nuo Bu Luo Ke (John Knoblock) Ying Yi@g张觉今译 |
| 210 | @a长沙@c湖南人民出版社@a北京@c外文出版社@d1999 | |
| 215 | @a499页@c画像@d23cm | |
| 225 | 2 | @a大中华文库@e汉英对照@dLibrary of Chinese classics@eChinese-English@zeng |
| 410 | 0 | @12001 @a大中华文库 |
| 605 | @a荀子@x对照读物@x中、英 | |
| 606 | @a儒家@x对照读物@x中、英 | |
| 690 | @aH319.4:B@v4 | |
| 701 | 0 | @a荀况@AXun Kuang@4撰 |
| 702 | 1 | @a诺布洛克@ANuo Bu Luo Ke@bJ.@4译 |
| 702 | A1 | @aKnoblock@bJohn@4译 |
| 702 | 0 | @a张觉@AZhang Jue@4译 |
| 801 | 0 | @aCN@b中图数据@c20061228 |
| 905 | @a10447@dH319.4:B@e1148:1 | |
| 荀子.Ⅰ/(美)约翰·诺布洛克(John Knoblock)英译/张觉今译.-长沙:湖南人民出版社;北京:外文出版社,1999 |
| 499页:画像;23cm.-(大中华文库:汉英对照=Library of Chinese classics:Chinese-English) |
| ISBN 7-5438-2086-2(精装):CNY123(全2册) |
| ● |
| 相关链接 |
|
|
|
|
正题名:荀子
索取号:H319.4:B/1148:1
 
预约/预借
| 序号 | 登录号 | 条形码 | 馆藏地/架位号 | 状态 | 备注 |
| 1 | 0616482 | 206164826 | 第二样本阅览室/ [索取号:H319.4:B/1148:1] | 在馆 | |
| 2 | 0616483 | 206164835 | 第四借阅区/ [索取号:H319.4:B/1148:1] | 在馆 |